The rising sons : China's imperial succession & The Art of War /

"Tells the bloody history of Imperial China through the lens of Sun Tzu's The Art of War Condenses 2,000 years of Chinese history into a single book Adopts a narrative-based approach and uses formal historical accounts as a basis Content is easy to follow for readers with zero background k...

Full description

Bibliographic Details
Main Author: Huen, Ian (Author)
Format: Book
Language:English
Published: New Jersey : World Scientific, [2022]
Subjects:

MARC

Tag First Indicator Second Indicator Subfields
LEADER 00000cam a2200000 i 4500
001 in00004583349
008 210710s2022 njua b 001 0deng c
005 20250318223554.1
010 |a  2021029594 
019 |a 1252850465 
020 |a 9789811240638 
020 |a 9811240639 
020 |z 9789811240645  |q (ebook for institutions) 
020 |z 9789811240652  |q (ebook for individuals) 
035 |a (OCoLC)on1264176051 
035 |a (OCoLC)1264176051  |z (OCoLC)1252850465 
040 |a LBSOR/DLC  |b eng  |e rda  |c DLC  |d YDX  |d OCLCF  |d BDX  |d DLC 
042 |a pcc 
043 |a a-cc--- 
050 0 0 |a DS740.2  |b .H839 2022 
082 0 0 |a 355.02  |2 23 
100 1 |a Huen, Ian,  |e author. 
245 1 4 |a The rising sons :  |b China's imperial succession & The Art of War /  |c Ian Huen, Aptorum Group. 
264 1 |a New Jersey :  |b World Scientific,  |c [2022] 
300 |a xvi, 175 pages :  |b illustrations ;  |c 24 cm 
336 |a text  |b txt  |2 rdacontent 
337 |a unmediated  |b n  |2 rdamedia 
338 |a volume  |b nc  |2 rdacarrier 
504 |a Includes bibliographical references (pages 155-172) and index. 
505 0 |a Ying Yiren's path of least resistance to power -- Liu Heng : the seasoned card player -- Cao Pi & The triumph of the good son -- Brother against brothers : Li Shimin's Bloody ascent to the top -- Li Zhi : The tai chi master of court politics -- Li Longji : Thriving on chaos -- Tender care & iron fist : the weapons of Hong Taiji -- Position of invincibility : Yongzheng's strategy to success -- What Xianfeng Knew. 
520 |a "Tells the bloody history of Imperial China through the lens of Sun Tzu's The Art of War Condenses 2,000 years of Chinese history into a single book Adopts a narrative-based approach and uses formal historical accounts as a basis Content is easy to follow for readers with zero background knowledge of Chinese history"--  |c Provided by publisher. 
600 0 0 |a Sunzi,  |d active 6th century B.C.  |t Sunzi bing fa. 
630 0 7 |a Sunzi bing fa (Sunzi)  |2 fast  |0 (OCoLC)fst01363014 
650 0 |a Emperors  |x Succession  |z China. 
650 0 |a Strategy. 
651 0 |a China  |x Kings and rulers  |v Biography. 
651 0 |a China  |x Politics and government. 
651 0 |a China  |x History. 
650 7 |a Emperors  |x Succession.  |2 fast  |0 (OCoLC)fst00908920 
650 7 |a Kings and rulers.  |2 fast  |0 (OCoLC)fst00987694 
650 7 |a Politics and government.  |2 fast  |0 (OCoLC)fst01919741 
650 7 |a Strategy.  |2 fast  |0 (OCoLC)fst01134406 
651 7 |a China.  |2 fast  |0 (OCoLC)fst01206073 
655 7 |a Biographies.  |2 fast  |0 (OCoLC)fst01919896 
655 7 |a History.  |2 fast  |0 (OCoLC)fst01411628 
852 8 |b pda,print  |z This title is available for the library to purchase for your use. Click the "Purchase It For Me" button to place a request. This item may take 5-10 business days to arrive. 
955 |a Print PDA title 
961 |m 565730 
999 f f |s b8a528df-9d77-4e3d-86bb-fe6ae345171e  |i b8a528df-9d77-4e3d-86bb-fe6ae345171e  |t 0 
952 f f |a Texas A&M University  |b College Station  |c Sterling C. Evans Library  |d Purchase on Demand  |t 0  |e DS740.2 .H839 2022  |h Library of Congress classification 
998 f f |a DS740.2 .H839 2022  |t 0  |l Purchase on Demand